000 00431nam a2200169Ia 4500
008 230711s9999||||xx |||||||||||||| ||und||
020 _a978-81-7035-418-5
041 _aENG
082 _a641.4
_bKH-F
100 _aKhetarpaul,Neelam
245 0 _aFood Processing and Preservation
250 _a1st Ed.
260 _c2015
_aDelhi
_bDaya Publishing House
300 _a554p.
650 _aFood Science and Technology
942 _cBK
999 _c7411
_d7411